Połącz kraj z najwiekszym sąsiadem - Statystyki

Ogólne statystyki
  • Ten quiz został rozwiązany 38 razy
  • Średni wynik to 45 z 152
Odpowiedzi na mapie
Odpowiedzi zakodowano w zielono-czerwonej skali na mapie do tego quizu, zgodnie z poniższymi procentami.
 
Statystyki odpowiedzi
Country % Poprawnych
Rosja
100%
Chiny
89%
Indie
78%
Pakistan
74%
Arabia Saudyjska
70%
Irak
70%
Iran
70%
Jemen
70%
Oman
70%
Turcja
70%
Zjednoczone Emiraty Arabskie
67%
Jordania
44%
Syria
44%
Algieria
41%
Egipt
41%
Izrael
41%
Libia
41%
Sudan
41%
Angola
33%
Czad
33%
Demokratyczna Republika Konga
33%
Kamerun
33%
Mozambik
33%
Namibia
33%
Niger
33%
Nigeria
33%
Republika Południowej Afryki
33%
Republika Środkowoafrykańska
33%
Tanzania
33%
Botswana
30%
Malawi
30%
Zambia
30%
Zimbabwe
30%
Albania
26%
Andora
26%
Argentyna
26%
Austria
26%
Belgia
26%
Białoruś
26%
Boliwia
26%
Bośnia i Hercegowina
26%
Brazylia
26%
Bułgaria
26%
Burundi
26%
Chile
26%
Chorwacja
26%
Czarnogóra
26%
Czechy
26%
Dania
26%
Dżibuti
26%
Ekwador
26%
Erytrea
26%
Estonia
26%
Eswatini
26%
Etiopia
26%
Francja
26%
Grecja
26%
Gujana
26%
Hiszpania
26%
Holandia
26%
Honduras
26%
Indonezja
26%
Kanada
26%
Kazachstan
26%
Kenia
26%
Kirgistan
26%
Kolumbia
26%
Kongo
26%
Kosowo
26%
Kostaryka
26%
Liechtenstein
26%
Litwa
26%
Łotwa
26%
Luksemburg
26%
Macedonia Północna
26%
Malezja
26%
Mali
26%
Maroko
26%
Mauretania
26%
Meksyk
26%
Mjanma
26%
Mołdawia
26%
Monako
26%
Niemcy
26%
Panama
26%
Papua-Nowa Gwinea
26%
Peru
26%
Polska
26%
Portugalia
26%
Rumunia
26%
Rwanda
26%
Salwador
26%
San Marino
26%
Serbia
26%
Słowacja
26%
Słowenia
26%
Somalia
26%
Stany Zjednoczone
26%
Sudan Południowy
26%
Surinam
26%
Szwajcaria
26%
Tadżykistan
26%
Tajlandia
26%
Timor Wschodni
26%
Uganda
26%
Ukraina
26%
Uzbekistan
26%
Watykan
26%
Węgry
26%
Wenezuela
26%
Włochy
26%
Afganistan
22%
Armenia
22%
Azerbejdżan
22%
Bangladesz
22%
Belize
22%
Benin
22%
Bhutan
22%
Burkina Faso
22%
Finlandia
22%
Gabon
22%
Gambia
22%
Ghana
22%
Gruzja
22%
Gwatemala
22%
Gwinea Bissau
22%
Gwinea Równikowa
22%
Kambodża
22%
Katar
22%
Korea Północna
22%
Korea Południowa
22%
Kuwejt
22%
Laos
22%
Lesotho
22%
Liban
22%
Liberia
22%
Mongolia
22%
Nepal
22%
Nikaragua
22%
Norwegia
22%
Paragwaj
22%
Senegal
22%
Sierra Leone
22%
Szwecja
22%
Togo
22%
Tunezja
22%
Turkmenistan
22%
Urugwaj
22%
Wietnam
22%
Wybrzeże Kości Słoniowej
22%
Brunei
19%
Gwinea
19%
Nie znaleziono quizów pasujących do podanych kryteriów
Rozkład punktacji
Procent ludzi z każdym wynikiem
Percentyl według liczby udzielonych odpowiedzi
Twoja historia wyników
Nie rozwiązałeś tego quizu